Statystyki dla 20 najpopularniejszych stron WWW w Polsce

Kliknij tutaj aby rozwiązać quiz!

Ogólne statystyki

  • Ten quiz został rozwiązany 5 973 razy
  • Średni wynik to 10 z 20

Statystyki odpowiedzi

PozycjaOdpowiedź% Poprawnych
2facebook.com
86%
1google.com
84%
4google.pl
84%
3youtube.com
84%
13instagram.com
77%
5wp.pl
62%
6onet.pl
61%
17pornhub.com
61%
7allegro.pl
60%
9olx.pl
50%
8interia.pl
49%
15netflix.com
40%
10wikipedia.org
39%
12o2.pl
33%
16otomoto.pl
29%
18cda.pl
28%
11gazeta.pl
22%
20filmweb.pl
19%
14ceneo.pl
16%
19tvn24.pl
15%

Rozkład punktacji

Percentyl według liczby udzielonych odpowiedzi

Procent ludzi z każdym wynikiem

Twoja historia wyników

Nie rozwiązałeś tego quizu